Ročenka sdělovací techniky 1987

Enregistré dans:
Détails bibliographiques
Format: Livre
Langue:tchèque
Publié: Praha : SNTL, 1987
Sujets:
Tags: Ajouter un tag
Pas de tags, Soyez le premier à ajouter un tag!

MARC

LEADER 00000nam a22000003a 4500
001 stu41404
005 20150408180439.3
008 931123s1987----cs------------------cze-d
040 |a STU  |b slo 
041 0 |a cze 
044 |a cs 
080 |a 621.37/.39"1987"(058) 
245 |a Ročenka sdělovací techniky 1987 
260 |a Praha :  |b SNTL,  |c 1987 
300 |a 300 s 
650 7 |a Technika oznamovacia  |2 stusub 
650 7 |a ročenky  |2 stusub 
996 |b 284M038774  |c M*282/1987-1  |l MMKN  |s A  |a 24  |w stu41404_0001